[Event "DVM U16 2020"]
[Site "Willingen GER"]
[Date "2021.06.26"]
[Round "6"]
[White "Yi, Danny"]
[Black "Farokhi, Keyvan"]
[Result "0-1"]
[Termination "normal"]
[Board "6.1"]
[WhiteTitle "FM"]
[WhiteElo "2253"]
[BlackElo "2059"]
[WhiteClock "00:05:19"]
[BlackClock "00:07:04"]
[WhiteTeam "SF 59 Kornwestheim"]
[BlackTeam "SK Doppelbauer Kiel"]
[PlyCount "166"]
[WhiteFideId "12988588"]
[BlackFideId "12998630"]
[EventCountry "GER"]
[EventRounds "7"]
[EventType "team-swiss"]
[EventDate "2021.06.23"]

1. e4 {[%clk 1:30:57]} 1... e5 {[%clk 1:30:47]} 2. Nf3 {[%clk 1:30:30]} 2...
Nc6 {[%clk 1:30:55]} 3. Bc4 {[%clk 1:29:59]} 3... Nf6 {[%clk 1:30:48]} 4. d3 {
[%clk 1:29:52]} 4... h6 {[%clk 1:30:26]} 5. Nbd2 {[%clk 1:28:08]} 5... d6 {
[%clk 1:29:30]} 6. c3 {[%clk 1:26:20]} 6... g5 {[%clk 1:29:05]} 7. Nf1 { [%clk
1:24:55]} 7... g4 {[%clk 1:29:10]} 8. N3d2 {[%clk 1:23:34]} 8... d5 { [%clk
1:28:55]} 9. Bb3 {[%clk 1:03:21]} 9... d4 {[%clk 1:20:32]} 10. Bc2 { [%clk
0:58:55]} 10... Be6 {[%clk 1:15:16]} 11. Nb3 {[%clk 0:54:00]} 11... Qe7 { [%clk
1:13:25]} 12. f4 {[%clk 0:44:47]} 12... gxf3 {[%clk 1:10:42]} 13. Qxf3 { [%clk
0:39:21]} 13... O-O-O {[%clk 0:59:28]} 14. Ng3 {[%clk 0:37:36]} 14... Bg4
{[%clk 0:57:44]} 15. Qf2 {[%clk 0:37:17]} 15... Kb8 {[%clk 0:48:15]} 16. O-O {
[%clk 0:36:12]} 16... Bg7 {[%clk 0:47:56]} 17. a4 {[%clk 0:32:42]} 17... Rhf8 {
[%clk 0:43:20]} 18. Nd2 {[%clk 0:28:26]} 18... Nd7 {[%clk 0:42:00]} 19. b3 {
[%clk 0:26:22]} 19... dxc3 {[%clk 0:39:22]} 20. Ba3 {[%clk 0:26:19]} 20... Nb4
{[%clk 0:39:24]} 21. Nb1 {[%clk 0:25:06]} 21... a5 {[%clk 0:38:38]} 22. Nxc3 {
[%clk 0:22:18]} 22... f5 {[%clk 0:35:29]} 23. Nd5 {[%clk 0:19:12]} 23... Qd6 {
[%clk 0:34:00]} 24. Qd2 {[%clk 0:17:23]} 24... f4 {[%clk 0:32:36]} 25. Nh1 {
[%clk 0:17:05]} 25... c5 {[%clk 0:29:29]} 26. Nf2 {[%clk 0:15:22]} 26... Nxd5 {
[%clk 0:25:43]} 27. exd5 {[%clk 0:14:43]} 27... Bf5 {[%clk 0:22:44]} 28. Qxa5 {
[%clk 0:15:04]} 28... e4 {[%clk 0:20:27]} 29. dxe4 {[%clk 0:15:02]} 29... Bxa1
{[%clk 0:20:50]} 30. Rxa1 {[%clk 0:15:30]} 30... Bh7 {[%clk 0:19:54]} 31. e5 {
[%clk 0:05:53]} 31... Qxe5 {[%clk 0:19:17]} 32. Re1 {[%clk 0:06:22]} 32... Qg7
{[%clk 0:18:41]} 33. Bxh7 33... Qxh7 {[%clk 0:18:42]} 34. Bxc5 {[%clk 0:06:22]}
34... Nxc5 {[%clk 0:17:41]} 35. Qxc5 {[%clk 0:06:51]} 35... Rfe8 { [%clk
0:16:55]} 36. Rd1 {[%clk 0:05:45]} 36... Qf5 {[%clk 0:16:27]} 37. h3 { [%clk
0:03:56]} 37... Re5 {[%clk 0:15:53]} 38. Rc1 {[%clk 0:03:40]} 38... Qc8 { [%clk
0:12:33]} 39. Qa3 {[%clk 0:03:28]} 39... Qd7 {[%clk 0:12:53]} 40. b4 { [%clk
0:00:39]} 40... Rxd5 {[%clk 0:12:23]} 41. a5 {[%clk 0:21:05]} 41... Rc8 { [%clk
0:33:35]} 42. Rf1 {[%clk 0:08:31]} 42... Qb5 {[%clk 0:29:37]} 43. Qf3 { [%clk
0:03:56]} 43... Rd4 {[%clk 0:28:27]} 44. a6 {[%clk 0:03:05]} 44... bxa6 { [%clk
0:26:44]} 45. Ne4 {[%clk 0:01:48]} 45... Qxb4 {[%clk 0:25:20]} 46. Qxf4+ {[%clk
0:02:05]} 46... Ka8 {[%clk 0:21:01]} 47. Qf5 {[%clk 0:02:06]} 47... Rc6 {[%clk
0:20:25]} 48. Nf2 {[%clk 0:01:47]} 48... Qc5 {[%clk 0:19:06]} 49. Qf3 { [%clk
0:01:27]} 49... Rc4 {[%clk 0:17:08]} 50. Kh2 {[%clk 0:01:14]} 50... Rc3 { [%clk
0:16:53]} 51. Qe4 {[%clk 0:01:15]} 51... Qd6+ {[%clk 0:16:26]} 52. Kh1 { [%clk
0:01:38]} 52... Ka7 {[%clk 0:15:57]} 53. Qb1 {[%clk 0:00:42]} 53... Qf6 { [%clk
0:12:44]} 54. Nd3 {[%clk 0:00:38]} 54... Rb6 {[%clk 0:10:35]} 55. Qa1 { [%clk
0:00:31]} 55... Qd4 {[%clk 0:08:45]} 56. Nf4 {[%clk 0:00:46]} 56... Rb2 { [%clk
0:06:56]} 57. Rd1 {[%clk 0:00:33]} 57... Rd2 {[%clk 0:06:41]} 58. Rf1 { [%clk
0:00:36]} 58... Rc6 {[%clk 0:05:10]} 59. Qb1 {[%clk 0:00:51]} 59... Rd6 { [%clk
0:05:06]} 60. Ne6 {[%clk 0:00:46]} 60... Qb6 {[%clk 0:04:34]} 61. Qh7+ { [%clk
0:00:34]} 61... Rd7 {[%clk 0:04:44]} 62. Qf5 {[%clk 0:00:32]} 62... Rd1 { [%clk
0:04:48]} 63. Rxd1 {[%clk 0:00:32]} 63... Rxd1+ {[%clk 0:05:14]} 64. Kh2 {[%clk
0:00:58]} 64... Qd6+ {[%clk 0:04:48]} 65. Nf4 {[%clk 0:01:24]} 65... Rd4 {[%clk
0:03:37]} 66. Qf7+ {[%clk 0:01:32]} 66... Kb6 {[%clk 0:03:43]} 67. Qb3+ {[%clk
0:01:42]} 67... Rb4 {[%clk 0:03:36]} 68. Qxb4+ 68... Qxb4 { [%clk 0:04:01]} 69.
Nd5+ {[%clk 0:02:30]} 69... Kb5 {[%clk 0:03:51]} 70. Nxb4 { [%clk 0:02:59]}
70... Kxb4 {[%clk 0:04:17]} 71. g4 {[%clk 0:03:15]} 71... Kc5 { [%clk 0:02:56]}
72. h4 {[%clk 0:03:14]} 72... Kd5 {[%clk 0:03:16]} 73. Kg3 { [%clk 0:03:06]}
73... a5 {[%clk 0:03:37]} 74. Kf4 {[%clk 0:03:07]} 74... a4 { [%clk 0:03:52]}
75. Kf5 {[%clk 0:03:07]} 75... a3 {[%clk 0:04:12]} 76. Kg6 { [%clk 0:03:13]}
76... a2 {[%clk 0:04:36]} 77. Kxh6 {[%clk 0:03:27]} 77... a1=Q {[%clk 0:04:55]}
78. h5 {[%clk 0:03:44]} 78... Qh8+ {[%clk 0:05:09]} 79. Kg6 { [%clk 0:03:59]}
79... Ke6 {[%clk 0:05:30]} 80. g5 {[%clk 0:04:04]} 80... Qg8+ { [%clk 0:05:54]}
81. Kh6 {[%clk 0:04:33]} 81... Kf7 {[%clk 0:06:13]} 82. g6+ { [%clk 0:04:57]}
82... Kf6 {[%clk 0:06:38]} 83. g7 {[%clk 0:05:19]} 83... Qxg7# {[%clk 0:07:04]}
0-1

[Event "DVM U16 2020"]
[Site "Willingen GER"]
[Date "2021.06.26"]
[Round "6"]
[White "Rempe, Jonas"]
[Black "Afonso, Nils"]
[Result "1/2-1/2"]
[Termination "normal"]
[Board "6.2"]
[WhiteElo "1957"]
[BlackElo "1960"]
[WhiteClock "01:03:35"]
[BlackClock "00:57:26"]
[WhiteTeam "SK Doppelbauer Kiel"]
[BlackTeam "SF 59 Kornwestheim"]
[PlyCount "42"]
[WhiteFideId "16202406"]
[BlackFideId "12990582"]
[EventCountry "GER"]
[EventRounds "7"]
[EventType "team-swiss"]
[EventDate "2021.06.23"]

1. e4 {[%clk 1:30:52]} 1... c5 {[%clk 1:30:56]} 2. Nf3 {[%clk 1:31:18]} 2...
Nc6 {[%clk 1:31:21]} 3. Nc3 {[%clk 1:31:44]} 3... g6 {[%clk 1:31:44]} 4. d4 {
[%clk 1:32:10]} 4... cxd4 {[%clk 1:32:07]} 5. Nxd4 {[%clk 1:32:37]} 5... Bg7 {
[%clk 1:32:30]} 6. Be3 {[%clk 1:33:03]} 6... Nf6 {[%clk 1:32:54]} 7. Bc4 {
[%clk 1:33:29]} 7... O-O {[%clk 1:33:18]} 8. Bb3 {[%clk 1:33:56]} 8... Ng4 {
[%clk 1:32:52]} 9. Qxg4 {[%clk 1:06:47]} 9... Nxd4 {[%clk 1:32:33]} 10. Qd1 {
[%clk 1:06:59]} 10... Nxb3 {[%clk 1:32:57]} 11. axb3 {[%clk 1:07:23]} 11... d6
{[%clk 1:33:23]} 12. Bd4 {[%clk 1:07:29]} 12... Bxd4 {[%clk 1:26:55]} 13. Qxd4
{[%clk 1:07:49]} 13... a6 {[%clk 1:27:08]} 14. O-O {[%clk 1:07:43]} 14... Bd7 {
[%clk 1:16:31]} 15. Rad1 {[%clk 1:02:38]} 15... Bc6 {[%clk 1:15:01]} 16. e5 {
[%clk 1:02:45]} 16... dxe5 {[%clk 1:11:50]} 17. Qxe5 {[%clk 1:02:53]} 17... Qc8
{[%clk 1:11:39]} 18. Qxe7 {[%clk 1:02:26]} 18... Bxg2 {[%clk 0:56:34]} 19. Kxg2
{[%clk 1:02:48]} 19... Qg4+ {[%clk 0:57:00]} 20. Kh1 {[%clk 1:03:10]} 20...
Qf3+ {[%clk 0:57:26]} 21. Kg1 {[%clk 1:03:35]} 21... Qg4+ 1/2-1/2

[Event "DVM U16 2020"]
[Site "Willingen GER"]
[Date "2021.06.26"]
[Round "6"]
[White "Kluge, Malte"]
[Black "Steinbach, Julian"]
[Result "1/2-1/2"]
[Termination "normal"]
[Board "6.3"]
[WhiteElo "1652"]
[BlackElo "1704"]
[WhiteClock "00:39:41"]
[BlackClock "01:04:55"]
[WhiteTeam "SF 59 Kornwestheim"]
[BlackTeam "SK Doppelbauer Kiel"]
[PlyCount "42"]
[WhiteFideId "16243838"]
[BlackFideId "16247973"]
[EventCountry "GER"]
[EventRounds "7"]
[EventType "team-swiss"]
[EventDate "2021.06.23"]

1. d4 {[%clk 1:30:53]} 1... d6 {[%clk 1:30:51]} 2. c4 {[%clk 1:31:16]} 2... e5
{[%clk 1:31:17]} 3. Nf3 {[%clk 1:31:23]} 3... exd4 {[%clk 1:31:41]} 4. Nxd4 {
[%clk 1:31:06]} 4... Nf6 {[%clk 1:32:04]} 5. Bg5 {[%clk 1:28:25]} 5... Be7 {
[%clk 1:32:22]} 6. e3 {[%clk 1:27:00]} 6... O-O {[%clk 1:32:23]} 7. Bd3 { [%clk
1:25:59]} 7... h6 {[%clk 1:32:35]} 8. Bh4 {[%clk 1:24:09]} 8... Re8 { [%clk
1:31:39]} 9. O-O {[%clk 1:23:17]} 9... Nbd7 {[%clk 1:31:07]} 10. Nc3 { [%clk
1:18:29]} 10... Ne5 {[%clk 1:28:29]} 11. Qc2 {[%clk 1:12:02]} 11... Nxd3 {[%clk
1:26:44]} 12. Qxd3 {[%clk 1:10:40]} 12... Nd7 {[%clk 1:18:57]} 13. Bxe7 {[%clk
1:05:54]} 13... Qxe7 {[%clk 1:19:11]} 14. Nd5 {[%clk 1:04:14]} 14... Qd8 {[%clk
1:19:00]} 15. b4 {[%clk 1:01:43]} 15... Ne5 {[%clk 1:18:50]} 16. Qc2 { [%clk
0:55:41]} 16... c6 {[%clk 1:12:11]} 17. Nf4 {[%clk 0:53:41]} 17... Be6 { [%clk
1:08:51]} 18. Nfxe6 {[%clk 0:48:54]} 18... fxe6 {[%clk 1:09:15]} 19. f4 { [%clk
0:47:32]} 19... Ng4 {[%clk 1:09:04]} 20. Qe2 {[%clk 0:44:20]} 20... Nf6 { [%clk
1:09:05]} 21. Kh1 {[%clk 0:39:41]} 21... d5 {[%clk 1:04:55]} 1/2-1/2

[Event "DVM U16 2020"]
[Site "Willingen GER"]
[Date "2021.06.26"]
[Round "6"]
[White "Bethke, Richard"]
[Black "Payes Kanders, Valentin"]
[Result "1-0"]
[Termination "normal"]
[Board "7.1"]
[WhiteTitle "FM"]
[WhiteElo "2332"]
[BlackElo "1498"]
[WhiteClock "00:43:15"]
[BlackClock "00:00:43"]
[WhiteTeam "SF Neuberg"]
[BlackTeam "Schachfreunde Essen-Katernberg"]
[PlyCount "89"]
[WhiteFideId "12959243"]
[BlackFideId "16261046"]
[EventCountry "GER"]
[EventRounds "7"]
[EventType "team-swiss"]
[EventDate "2021.06.23"]

1. e4 {[%clk 1:30:56]} 1... c5 {[%clk 1:30:54]} 2. Ne2 {[%clk 1:31:23]} 2...
Nc6 {[%clk 1:31:19]} 3. g3 {[%clk 1:31:48]} 3... e6 {[%clk 1:31:22]} 4. Bg2 {
[%clk 1:31:59]} 4... Nf6 {[%clk 1:29:14]} 5. O-O {[%clk 1:32:23]} 5... d5 {
[%clk 1:28:09]} 6. exd5 {[%clk 1:32:45]} 6... exd5 {[%clk 1:28:01]} 7. d4 {
[%clk 1:33:09]} 7... cxd4 {[%clk 1:25:45]} 8. Nxd4 {[%clk 1:31:31]} 8... Be7 {
[%clk 1:25:56]} 9. h3 {[%clk 1:29:02]} 9... O-O {[%clk 1:25:46]} 10. Be3 {
[%clk 1:29:12]} 10... Nxd4 {[%clk 1:20:45]} 11. Bxd4 {[%clk 1:29:31]} 11... Be6
{[%clk 1:19:10]} 12. Nc3 {[%clk 1:29:33]} 12... Qd7 {[%clk 1:12:24]} 13. Kh2 {
[%clk 1:28:33]} 13... Rfd8 {[%clk 1:11:55]} 14. Qf3 {[%clk 1:27:55]} 14... b5 {
[%clk 1:07:15]} 15. Rad1 {[%clk 1:26:36]} 15... Qc6 {[%clk 0:58:23]} 16. Qd3 {
[%clk 1:22:25]} 16... Rac8 {[%clk 0:54:31]} 17. Nxb5 {[%clk 1:20:48]} 17...
Qxc2 {[%clk 0:52:08]} 18. Nxa7 {[%clk 1:17:11]} 18... Qxd3 {[%clk 0:50:25]} 19.
Rxd3 {[%clk 1:17:35]} 19... Rc2 20. Nb5 {[%clk 1:14:24]} 20... Ne4 { [%clk
0:47:13]} 21. f3 {[%clk 1:07:54]} 21... g6 {[%clk 0:28:38]} 22. fxe4 { [%clk
0:59:25]} 22... dxe4 {[%clk 0:28:49]} 23. Rc3 {[%clk 0:50:40]} 23... Rxb2
{[%clk 0:25:40]} 24. a4 {[%clk 0:50:26]} 24... Rxb5 {[%clk 0:21:16]} 25. axb5 {
[%clk 0:48:48]} 25... Rxd4 {[%clk 0:21:39]} 26. Rb1 {[%clk 0:48:57]} 26... Bb4
{[%clk 0:17:55]} 27. Rc2 {[%clk 0:44:24]} 27... e3 {[%clk 0:14:22]} 28. b6 {
[%clk 0:43:28]} 28... Kg7 {[%clk 0:07:32]} 29. b7 {[%clk 0:43:03]} 29... Bd6 {
[%clk 0:07:55]} 30. b8=Q {[%clk 0:42:52]} 30... Bxb8 {[%clk 0:08:22]} 31. Rxb8
{[%clk 0:43:16]} 31... Rd3 {[%clk 0:07:10]} 32. Bf3 {[%clk 0:41:28]} 32... Bb3
{[%clk 0:05:45]} 33. Rb2 {[%clk 0:41:54]} 33... Be6 {[%clk 0:02:59]} 34. R8b5 {
[%clk 0:41:46]} 34... Kf6 {[%clk 0:03:01]} 35. Be4 {[%clk 0:41:19]} 35... Ra3 {
[%clk 0:02:42]} 36. Bd5 {[%clk 0:41:25]} 36... Bf5 {[%clk 0:02:00]} 37. R5b3 {
[%clk 0:41:47]} 37... Rxb3 {[%clk 0:01:28]} 38. Bxb3 {[%clk 0:41:39]} 38... Bd3
{[%clk 0:01:26]} 39. Bd1 {[%clk 0:41:57]} 39... Ke5 {[%clk 0:00:58]} 40. Be2 {
[%clk 0:41:45]} 40... Bxe2 {[%clk 0:01:04]} 41. Rxe2 {[%clk 0:42:10]} 41... Ke4
{[%clk 0:01:24]} 42. Kg2 {[%clk 0:42:09]} 42... f5 {[%clk 0:01:31]} 43. Ra2 {
[%clk 0:42:34]} 43... g5 {[%clk 0:01:25]} 44. Ra4+ {[%clk 0:42:53]} 44... Kd3 {
[%clk 0:00:43]} 45. Kf3 {[%clk 0:43:15]} 1-0

[Event "DVM U16 2020"]
[Site "Willingen GER"]
[Date "2021.06.26"]
[Round "6"]
[White "Zamhöfer, Luca"]
[Black "Baranyai-Molnar, Adam-Kristof"]
[Result "1/2-1/2"]
[Termination "normal"]
[Board "7.2"]
[WhiteElo "1766"]
[BlackElo "1783"]
[WhiteClock "00:13:04"]
[BlackClock "00:06:48"]
[WhiteTeam "Schachfreunde Essen-Katernberg"]
[BlackTeam "SF Neuberg"]
[PlyCount "51"]
[WhiteFideId "16216040"]
[BlackFideId "768022"]
[EventCountry "GER"]
[EventRounds "7"]
[EventType "team-swiss"]
[EventDate "2021.06.23"]

1. e4 {[%clk 1:30:56]} 1... c5 {[%clk 1:30:57]} 2. Nf3 {[%clk 1:31:16]} 2... e6
{[%clk 1:30:58]} 3. b3 {[%clk 1:30:59]} 3... d5 {[%clk 1:30:40]} 4. exd5 {
[%clk 1:31:10]} 4... exd5 {[%clk 1:31:06]} 5. Bb5+ {[%clk 1:30:51]} 5... Bd7 {
[%clk 1:31:12]} 6. Bxd7+ {[%clk 1:30:47]} 6... Nxd7 {[%clk 1:31:29]} 7. O-O {
[%clk 1:31:07]} 7... Bd6 {[%clk 1:20:45]} 8. Bb2 {[%clk 1:28:15]} 8... Ngf6 {
[%clk 1:21:08]} 9. Re1+ {[%clk 1:26:52]} 9... Kf8 {[%clk 1:21:32]} 10. d4 {
[%clk 1:22:59]} 10... h5 {[%clk 1:20:12]} 11. Nc3 {[%clk 1:17:31]} 11... h4 {
[%clk 1:19:17]} 12. h3 {[%clk 1:05:35]} 12... Rh5 {[%clk 1:18:50]} 13. Qd2 {
[%clk 0:58:39]} 13... a6 {[%clk 1:14:00]} 14. Rad1 {[%clk 0:49:10]} 14... Qc7 {
[%clk 1:06:05]} 15. dxc5 {[%clk 0:38:49]} 15... Nxc5 {[%clk 1:05:18]} 16. Qd4 {
[%clk 0:33:19]} 16... Rd8 {[%clk 1:01:49]} 17. a4 {[%clk 0:31:08]} 17... Ne6 {
[%clk 1:01:06]} 18. Qd2 {[%clk 0:30:32]} 18... Bb4 {[%clk 0:58:10]} 19. Nd4 {
[%clk 0:27:28]} 19... Nc5 {[%clk 0:56:46]} 20. Qe3 {[%clk 0:25:51]} 20... Re8 {
[%clk 0:11:23]} 21. Qf3 {[%clk 0:21:19]} 21... Rxe1+ {[%clk 0:08:29]} 22. Rxe1
{[%clk 0:21:42]} 22... Re5 {[%clk 0:08:21]} 23. Rd1 {[%clk 0:18:29]} 23... Bxc3
{[%clk 0:07:11]} 24. Bxc3 {[%clk 0:18:16]} 24... Nce4 {[%clk 0:06:55]} 25. Bb2
{[%clk 0:18:08]} 25... Re8 {[%clk 0:06:48]} 26. Re1 {[%clk 0:13:04]} 1/2-1/2

[Event "DVM U16 2020"]
[Site "Willingen GER"]
[Date "2021.06.26"]
[Round "6"]
[White "Kolzenburg, Jan Niklas"]
[Black "Berresheim, Nils"]
[Result "0-1"]
[Termination "normal"]
[Board "7.3"]
[WhiteElo "1671"]
[BlackElo "1588"]
[WhiteClock "00:03:23"]
[BlackClock "00:04:19"]
[WhiteTeam "SF Neuberg"]
[BlackTeam "Schachfreunde Essen-Katernberg"]
[PlyCount "108"]
[WhiteFideId "16274830"]
[BlackFideId "16246306"]
[EventCountry "GER"]
[EventRounds "7"]
[EventType "team-swiss"]
[EventDate "2021.06.23"]

1. e4 {[%clk 1:30:57]} 1... c5 {[%clk 1:30:51]} 2. Nf3 {[%clk 1:30:33]} 2... d6
{[%clk 1:31:01]} 3. d4 {[%clk 1:30:12]} 3... cxd4 {[%clk 1:31:19]} 4. Nxd4 {
[%clk 1:30:35]} 4... Nf6 {[%clk 1:31:42]} 5. Nc3 {[%clk 1:30:23]} 5... a6 {
[%clk 1:32:01]} 6. Bc4 {[%clk 1:23:58]} 6... e6 {[%clk 1:32:11]} 7. Bb3 { [%clk
1:24:16]} 7... Nbd7 {[%clk 1:31:44]} 8. f4 {[%clk 1:21:03]} 8... Nc5 { [%clk
1:29:49]} 9. Qf3 {[%clk 1:16:58]} 9... Qc7 {[%clk 1:25:53]} 10. f5 { [%clk
1:07:14]} 10... Be7 {[%clk 1:20:13]} 11. g4 {[%clk 0:44:30]} 11... h5 { [%clk
1:08:30]} 12. g5 {[%clk 0:40:32]} 12... Ng4 {[%clk 1:07:38]} 13. Bd2 { [%clk
0:27:02]} 13... Bd7 {[%clk 1:02:57]} 14. O-O-O {[%clk 0:24:45]} 14... O-O-O
{[%clk 1:02:16]} 15. Kb1 {[%clk 0:22:07]} 15... Nxb3 {[%clk 0:52:09]} 16. axb3
16... exf5 {[%clk 0:48:17]} 17. Nd5 {[%clk 0:11:28]} 17... fxe4 { [%clk
0:37:27]} 18. Qxf7 {[%clk 0:09:22]} 18... Rdf8 {[%clk 0:29:48]} 19. Nxe7+
{[%clk 0:08:17]} 19... Kd8 {[%clk 0:26:59]} 20. Qxg7 {[%clk 0:08:22]} 20... Bc8
{[%clk 0:19:38]} 21. Nxc8 {[%clk 0:04:35]} 21... Qxg7 {[%clk 0:16:54]} 22. Ne6+
{[%clk 0:04:57]} 22... Kxc8 {[%clk 0:17:03]} 23. Nxg7 {[%clk 0:05:16]} 23...
Nf2 {[%clk 0:16:04]} 24. Bb4 {[%clk 0:04:39]} 24... Nxh1 {[%clk 0:13:35]} 25.
Rxh1 {[%clk 0:05:04]} 25... Rhg8 {[%clk 0:10:05]} 26. Bxd6 {[%clk 0:03:53]}
26... Rd8 {[%clk 0:07:21]} 27. Be5 {[%clk 0:03:58]} 27... Rd7 {[%clk 0:06:25]}
28. Re1 {[%clk 0:01:01]} 28... Rdxg7 {[%clk 0:05:19]} 29. Bxg7 {[%clk 0:01:23]}
29... Rxg7 {[%clk 0:05:44]} 30. h4 {[%clk 0:01:20]} 30... Re7 {[%clk 0:05:23]}
31. Kc1 {[%clk 0:01:34]} 31... e3 {[%clk 0:03:49]} 32. Rh1 {[%clk 0:00:43]}
32... Kd7 {[%clk 0:02:03]} 33. Kd1 {[%clk 0:00:47]} 33... Re4 {[%clk 0:01:57]}
34. Ke2 {[%clk 0:00:54]} 34... Ke6 {[%clk 0:02:11]} 35. Rh3 {[%clk 0:00:54]}
35... Kf5 {[%clk 0:02:19]} 36. Rxe3 {[%clk 0:00:43]} 36... Rxh4 {[%clk 0:02:27]
} 37. Re7 {[%clk 0:00:38]} 37... Kxg5 {[%clk 0:01:40]} 38. Rxb7 {[%clk 0:00:59]
} 38... Kf4 {[%clk 0:01:06]} 39. Ra7 {[%clk 0:00:41]} 39... Rh2+ { [%clk
0:00:48]} 40. Kd3 {[%clk 0:01:02]} 40... Kg3 {[%clk 0:00:37]} 41. c4 { [%clk
0:00:44]} 41... Rxb2 {[%clk 0:00:32]} 42. Kc3 {[%clk 0:29:43]} 42... Rb1 {[%clk
0:26:59]} 43. Rxa6 {[%clk 0:26:56]} 43... h4 {[%clk 0:25:46]} 44. Rh6 { [%clk
0:16:12]} 44... h3 {[%clk 0:20:44]} 45. b4 {[%clk 0:10:44]} 45... h2 { [%clk
0:18:54]} 46. b5 {[%clk 0:07:15]} 46... h1=Q {[%clk 0:12:38]} 47. Rxh1 { [%clk
0:07:36]} 47... Rxh1 {[%clk 0:13:03]} 48. c5 {[%clk 0:06:33]} 48... Kf4 { [%clk
0:08:48]} 49. b6 {[%clk 0:05:30]} 49... Ke5 {[%clk 0:06:22]} 50. Kc4 { [%clk
0:03:20]} 50... Rc1+ {[%clk 0:04:36]} 51. Kb5 {[%clk 0:03:45]} 51... Kd5 {[%clk
0:03:51]} 52. b7 {[%clk 0:03:08]} 52... Rb1+ {[%clk 0:03:56]} 53. Ka6 { [%clk
0:03:25]} 53... Kc6 {[%clk 0:04:14]} 54. Ka7 {[%clk 0:03:23]} 54... Rxb7+
{[%clk 0:04:19]} 0-1

[Event "DVM U16 2020"]
[Site "Willingen GER"]
[Date "2021.06.26"]
[Round "6"]
[White "Rasch, Lukas"]
[Black "Emmerich, Julian"]
[Result "0-1"]
[Termination "normal"]
[Board "7.4"]
[WhiteElo "1591"]
[BlackElo "1369"]
[WhiteClock "01:00:35"]
[BlackClock "00:10:29"]
[WhiteTeam "Schachfreunde Essen-Katernberg"]
[BlackTeam "SF Neuberg"]
[PlyCount "102"]
[WhiteFideId "16272072"]
[BlackFideId "16274822"]
[EventCountry "GER"]
[EventRounds "7"]
[EventType "team-swiss"]
[EventDate "2021.06.23"]

1. b3 {[%clk 1:30:58]} 1... e5 {[%clk 1:30:55]} 2. Bb2 {[%clk 1:31:26]} 2...
Nc6 {[%clk 1:31:20]} 3. e3 {[%clk 1:31:50]} 3... Nf6 {[%clk 1:31:44]} 4. Bb5 {
[%clk 1:32:15]} 4... Bd6 {[%clk 1:32:05]} 5. Nf3 {[%clk 1:32:05]} 5... e4 {
[%clk 1:22:59]} 6. Bxc6 {[%clk 1:31:43]} 6... dxc6 {[%clk 1:22:48]} 7. Nd4 {
[%clk 1:30:52]} 7... O-O {[%clk 1:15:47]} 8. h3 {[%clk 1:28:19]} 8... c5 {
[%clk 1:03:36]} 9. Ne2 {[%clk 1:26:01]} 9... Be6 {[%clk 0:59:43]} 10. c4 {
[%clk 1:24:59]} 10... c6 {[%clk 0:59:39]} 11. Nbc3 {[%clk 1:24:46]} 11... Qd7 {
[%clk 0:59:48]} 12. d3 {[%clk 1:21:42]} 12... exd3 {[%clk 0:56:30]} 13. Qxd3 {
[%clk 1:21:58]} 13... Bf5 {[%clk 0:55:58]} 14. Qd2 {[%clk 1:22:06]} 14... Rad8
{[%clk 0:56:16]} 15. Rd1 {[%clk 1:20:40]} 15... Qc7 {[%clk 0:56:07]} 16. Qc1 {
[%clk 1:19:46]} 16... Rfe8 {[%clk 0:54:10]} 17. O-O {[%clk 1:17:21]} 17... Qc8
{[%clk 0:51:52]} 18. Na4 {[%clk 1:14:36]} 18... Bxh3 {[%clk 0:50:05]} 19. Rxd6
{[%clk 1:14:36]} 19... Rxd6 {[%clk 0:50:09]} 20. gxh3 {[%clk 1:15:02]} 20...
Qxh3 {[%clk 0:50:06]} 21. f3 {[%clk 1:05:42]} 21... Nh5 {[%clk 0:47:46]} 22. e4
{[%clk 0:57:17]} 22... Rg6+ {[%clk 0:41:30]} 23. Kf2 {[%clk 0:56:11]} 23...
Qh4+ {[%clk 0:40:02]} 24. Ke3 {[%clk 0:56:32]} 24... f5 {[%clk 0:39:42]} 25.
Rh1 {[%clk 0:53:35]} 25... Qg5+ {[%clk 0:39:24]} 26. Kd3 {[%clk 0:49:08]} 26...
fxe4+ {[%clk 0:32:54]} 27. fxe4 {[%clk 0:49:34]} 27... Rd6+ {[%clk 0:32:01]}
28. Kc2 {[%clk 0:49:33]} 28... Qg2 {[%clk 0:31:15]} 29. Nac3 {[%clk 0:47:55]}
29... Rxe4 {[%clk 0:20:23]} 30. Qf1 {[%clk 0:42:23]} 30... Qxf1 {[%clk 0:14:34]
} 31. Rxf1 {[%clk 0:42:52]} 31... Re5 {[%clk 0:13:07]} 32. Nc1 {[%clk 0:41:08]}
32... Re7 {[%clk 0:12:50]} 33. Nd1 {[%clk 0:40:23]} 33... g5 {[%clk 0:11:58]}
34. Rf5 {[%clk 0:38:34]} 34... h6 {[%clk 0:12:19]} 35. Nf2 {[%clk 0:38:32]}
35... Rf7 {[%clk 0:12:10]} 36. Rxf7 {[%clk 0:38:32]} 36... Kxf7 {[%clk 0:12:34]
} 37. Ncd3 {[%clk 0:38:53]} 37... b6 {[%clk 0:12:00]} 38. Kd2 {[%clk 0:38:47]}
38... Nf4 {[%clk 0:10:25]} 39. Ke3 {[%clk 0:39:15]} 39... Nxd3 {[%clk 0:09:52]}
40. Nxd3 {[%clk 0:39:43]} 40... Re6+ {[%clk 0:09:56]} 41. Be5 {[%clk 0:34:27]}
41... Kg6 {[%clk 0:05:26]} 42. Kf3 {[%clk 0:34:40]} 42... Re8 {[%clk 0:04:44]}
43. Bc3 {[%clk 0:34:30]} 43... Kf5 {[%clk 0:04:34]} 44. Nf2 {[%clk 0:33:35]}
44... h5 {[%clk 0:04:14]} 45. Nd1 {[%clk 0:32:57]} 45... g4+ {[%clk 0:26:42]}
46. Kf2 {[%clk 1:01:30]} 46... h4 {[%clk 0:26:21]} 47. Ne3+ {[%clk 1:01:53]}
47... Kg5 {[%clk 0:20:54]} 48. Bd2 {[%clk 1:01:19]} 48... g3+ {[%clk 0:16:35]}
49. Kg2 {[%clk 1:00:06]} 49... Rxe3 {[%clk 0:10:09]} 50. Bxe3+ {[%clk 1:00:35]}
50... Kg4 {[%clk 0:10:29]} 51. Bd2 h3+ 0-1